01572nam a2200301 a 4500001001200000003000800012006001900020007001500039008004100054020001800095020002700113040002100140035002100161050002300182100002000205245009900225260003900324300001900363504005400382505043800436533015200874650002501026650002801051655002901079710001701108856012601125999001901251ebr10421927CaPaEBRm u cr cn|||||||||101112s2010 enka sb 000 0 eng d z9781841503257 z9781841503950 (e-book) aCaPaEBRcCaPaEBR a(OCoLC)66576804014aNC703b.C35 2010eb1 aCain, Patricia.10aDrawingh[electronic resource] :bthe enactive evolution of the practitioner /cPatricia Cain. aBristol, U.K. :bIntellect,c2010. a294 p. :bill. aIncludes bibliographical references (p. 279-294).0 apt. 1. Theorising about thinking and drawing : the limitations of theory-led research to the practitioner -- pt. 2. The first phase of methodology : using the experience of others as subject : the limitations of a third person methodology -- pt. 3. The second phase of methodology : using my own experience as the subject of a first person enquiry : about the nature and form of knowledge that emerges from the experience of drawing. aElectronic reproduction.bPalo Alto, Calif. :cebrary,d2010.nAvailable via World Wide Web.nAccess may be limited to ebrary affiliated libraries. 0aDrawingxPhilosophy. 0aDrawing, Psychology of. 7aElectronic books.2local2 aebrary, Inc.40uhttp://site.ebrary.com/lib/rucke/Doc?id=10421927zAn electronic book accessible through the World Wide Web; click to view c236298d236298